[Event "SRB-ch Blitz"]
[Site "Paracin"]
[Date "2022.06.05"]
[Round "13"]
[White "Ivic, Velimir"]
[Black "Todorovic, Goran M"]
[Result "1-0"]
[WhiteElo "2628"]
[BlackElo "2340"]
[PlyCount "83"]
[EventDate "2022.06.05"]
[EventType "swiss (blitz)"]
[EventRounds "13"]
[EventCountry "SRB"]
[SourceTitle "CBM 208 Extra"]
[Source "ChessBase"]
[SourceDate "2022.07.31"]
[SourceVersion "1"]
[SourceVersionDate "2022.07.31"]
[SourceQuality "1"]

1. d4 d5 2. c4 e6 3. Nc3 c5 4. cxd5 exd5 5. Nf3 Nc6 6. g3 Nf6 7. Bg2 Be7 8. 0-0 0-0 9. Bg5 cxd4 10. Nxd4 h6 11. Bf4 Re8 12. Ncb5 Qb6 13. Nxc6 Qxb5 14. Nxe7+ Rxe7 15. e3 Bf5 16. Qb3 Qa6 17. Rfc1 Be4 18. Bf1 Qe6 19. Qb4 Rd7 20. Qd4 Qg4 21. Bg2 b6 22. Be5 Ne8 23. h3 Qg6 24. Bxe4 Qxe4 25. Rc6 f6 26. Qxe4 dxe4 27. Bd4 Rc7 28. Rac1 Rac8 29. Rxc7 Rxc7 30. Rd1 Kf7 31. Bc3 Ke6 32. Rd8 Ke7 33. Rd4 f5 34. g4 g6 35. gxf5 gxf5 36. Rd5 Rc6 37. Rxf5 Re6 38. Kf1 Nc7 39. Ke2 Kd6 40. Rh5 Nd5 41. Bg7 Nb4 42. Bf8+ 1-0

[Event "SRB-ch Blitz"]
[Site "Paracin"]
[Date "2022.06.05"]
[Round "4"]
[White "Miljkovic, Miroslav M"]
[Black "Todorovic, Goran M"]
[Result "0-1"]
[WhiteElo "2104"]
[BlackElo "2340"]
[PlyCount "60"]
[EventDate "2022.06.05"]
[EventType "swiss (blitz)"]
[EventRounds "13"]
[EventCountry "SRB"]
[SourceTitle "CBM 208 Extra"]
[Source "ChessBase"]
[SourceDate "2022.07.31"]
[SourceVersion "1"]
[SourceVersionDate "2022.07.31"]
[SourceQuality "1"]

1. d4 d5 2. c4 e6 3. Nc3 c5 4. cxd5 exd5 5. Be3 Nc6 6. Nf3 c4 7. g3 Bb4 8. Bg2 Nf6 9. 0-0 0-0 10. Ne5 Bxc3 11. Nxc6 bxc6 12. bxc3 Bf5 13. Qa4 Qd7 14. Bf4 Rfe8 15. Rfe1 h6 16. f3 Rac8 17. Be5 Nh7 18. e4 Bg6 19. exd5 Qxd5 20. f4 Qd7 21. Qxc4 Kh8 22. d5 f6 23. Bd4 cxd5 24. Qxd5 Qg4 25. Qf3 Qd7 26. h3 Rb8 27. Qc6 Qf5 28. Qf3 h5 29. g4 hxg4 30. hxg4 Qc2 0-1

[Event "SRB-ch Blitz"]
[Site "Paracin"]
[Date "2022.06.05"]
[Round "8"]
[White "Radisavljevic, Dalibor"]
[Black "Todorovic, Goran M"]
[Result "1/2-1/2"]
[WhiteElo "2135"]
[BlackElo "2340"]
[PlyCount "118"]
[EventDate "2022.06.05"]
[EventType "swiss (blitz)"]
[EventRounds "13"]
[EventCountry "SRB"]
[SourceTitle "CBM 208 Extra"]
[Source "ChessBase"]
[SourceDate "2022.07.31"]
[SourceVersion "1"]
[SourceVersionDate "2022.07.31"]
[SourceQuality "1"]

1. e4 e5 2. Nf3 Nc6 3. Bb5 a6 4. Ba4 Nf6 5. 0-0 Bc5 6. c3 b5 7. Bc2 d5 8. d4 dxe4 9. Nxe5 Nxe5 10. dxe5 Qxd1 11. Bxd1 Ng4 12. Bxg4 Bxg4 13. Bf4 0-0-0 14. Re1 Rd3 15. a4 Kb7 16. axb5 axb5 17. Na3 c6 18. Nc2 Rhd8 19. h3 Bf5 20. Ne3 Bg6 21. Nc2 f6 22. exf6 gxf6 23. Nb4 Rd2 24. Bxd2 Rxd2 25. Rf1 Rxb2 26. Rad1 Kb6 27. Rd7 e3 28. fxe3 Bxe3+ 29. Kh1 Be4 30. Rg7 f5 31. Ra1 Kc5 32. Rg8 f4 33. Ra2 Rb1+ 34. Kh2 Bg1+ 35. Kh1 f3 36. Na6+ Kc4 37. Nb4 Be3+ 38. Kh2 fxg2 39. Raxg2 Bxg2 40. Kxg2 c5 41. Rg4+ Kb3 42. Nd5 Bd2 43. Rg3 c4 44. Rf3 Rc1 45. Nc7 Rxc3 46. Rxc3+ Bxc3 47. Nxb5 Be5 48. Kf3 Kb4 49. Na7 Kc5 50. Ke4 c3 51. Kd3 h5 52. Nc8 Bf6 53. Ne7 Kd6 54. Nf5+ Ke5 55. Ng3 h4 56. Ne4 Kf5 57. Nxf6 Kxf6 58. Kxc3 Kf5 59. Kd3 Kf4 1/2-1/2